| 000 | 00482nam a2200181Ia 4500 | ||
|---|---|---|---|
| 001 | 5077 | ||
| 005 | 20260306145841.0 | ||
| 008 | 260306t2005||||xx |||||||||||||| ||spa|| | ||
| 041 | _aESP | ||
| 082 |
_a332.678 _bP87G |
||
| 100 |
_aProInversión, Agencia de Promoción de la Inversión Privada _eAUT |
||
| 245 | 0 | _aGuía de inversiones en la región Arequipa | |
| 260 | _c2005 | ||
| 300 |
_a218 páginas : _c20 cm. |
||
| 650 | _aGEN | ||
| 654 | _aCAN | ||
| 942 |
_cLIB _dJUS _fJUS _2ddc _n |
||
| 999 |
_c5077 _d5077 |
||